Basic designs :design methods
Salvato in:
| Autore principale: | |
|---|---|
| Natura: | Libro |
| Lingua: | inglese |
| Pubblicazione: |
Birkhauser Verlag GmbH
2014
|
| Tags: |
Aggiungi Tag
Nessun Tag, puoi essere il primo ad aggiungerne!!
|
MARC
| LEADER | 00000nam a22000007a 4500 | ||
|---|---|---|---|
| 008 | 210830b ||||| |||| 00| 0 eng d | ||
| 020 | |a 9783038215202 | ||
| 100 | |a JORMAKKA, Kari |a SCHURER, Oliver |a KUHLMANN, Dorte | ||
| 245 | |a Basic designs |b :design methods |c Kari Jormakka, Oliver Schurer and Dorte Kuhlmann |g 83p.:ill. | ||
| 260 | |b Birkhauser Verlag GmbH |c 2014 |h Basel, Switzerland |i 696174 |i 696175 |l NA2750.J76 |m Architectural design | ||
| 942 | |a lcc |c BK |e Kuteyi, M. A. |f 30/8/2021 | ||
| 952 | |0 0 |1 0 |2 lcc |4 0 |6 NA2750 J76 |7 0 |9 3305 |a HOL |b HOL |c LP |d 2021-08-30 |l 0 |o NA2750.J76 |p 2021-67014 |r 2021-08-30 00:00:00 |w 2021-08-30 |y BK | ||
| 952 | |0 0 |1 0 |2 lcc |4 0 |7 0 |9 3306 |a HOL |b EDM |c LP |d 2021-08-30 |o NA2750.J76 |p 2021-67015 |r 2021-08-30 00:00:00 |w 2021-08-30 |y BK | ||
| 952 | |0 0 |1 0 |2 lcc |4 0 |6 HT0443 C6 B63 |7 0 |9 3307 |a HOL |b HOL |c GJ |d 2021-08-30 |l 0 |o HT443.C6B63 |p 2021-67016 |r 2021-08-30 00:00:00 |w 2021-08-30 |y BK | ||
| 999 | |c 1651 |d 1651 | ||